Sports Quiz

Random Sports Quiz
Score 0/79 Timer 10:00
0 Plays Today
Hint Answer % Correct
30john cena
94.3%
26triple h
92.1%
7undertaker
84.3%
2batista
83.6%
18batista
83.6%
5kane
83.6%
9edge
81.4%
5big show
79.3%
3booker t
78.6%
1cm punk
73.6%
3cm punk
73.6%
10shawn michaels
70%
19shawn michaels
70%
1christian
67.9%
9christian
67.9%
8cody rhodes
67.1%
7daniel bryan
67.1%
10chris jericho
66.4%
7miz
66.4%
9ric flair
64.3%
7rey mysterio
64.3%
10sheamus
62.1%
4kurt angle
61.4%
14mark henry
61.4%
9chris benoit
60.7%
6kofi kingston
60.7%
9jeff hardy
60%
2matt hardy
58.6%
3ted dibiase
57.1%
4roman reigns
56.4%
6dolph ziggler
55.7%
3dean ambrose
54.3%
4seth rollins
53.6%
9wade barrett
52.9%
1brock lesnar
52.1%
2mick foley
48.6%
1john morrison
48.6%
3r truth
47.1%
1hulk hogan
46.4%
4jack swagger
46.4%
Hint Answer % Correct
1jbl
45.7%
2mr mcmahon
45%
3d-von dudley
44.3%
1bubba ray dudley
44.3%
3shelton benjamin
43.6%
2mvp
42.1%
3mr kennedy
40.7%
1umaga
40%
6goldberg
38.6%
1antonio cesaro
37.9%
3bobby lashley
37.1%
3carlito
37.1%
2heath slater
35%
2justin gabriel
34.3%
2david otunga
34.3%
8alberto del rio
34.3%
4rob van dam
33.6%
1kevin nash
32.1%
2evan bourne
30%
2test
26.4%
1scott steiner
24.3%
2jerry lawler
23.6%
1damien sandow
22.1%
1michael tarver
21.4%
1maven
18.6%
3billy gunn
17.9%
1husky harris
16.4%
3roddy piper
15%
1lance storm
13.6%
1lance cade
13.6%
1tajiri
12.9%
1mark jindrak
10%
2chuck palumbo
8.6%
1hunico
8.6%
1yoshi tatsu
7.9%
1super crazy
4.3%
2eddie guerreo
3.6%
1curtis axle
2.9%
1seth green
2.1%
Remove Ads.
Support Sporcle.
Get the best of Sporcle when you Go Orange. This ad-free experience offers more features, more stats, and more fun while also helping to support Sporcle. Thank you for becoming a member.

You're not logged in!

Compare scores with friends on all Sporcle quizzes.
OR
Log In

Show Comments

Extras

Created Sep 20, 2013ReportNominate
Tags:beaten, orton, Randy

Top Quizzes Today


Score Distribution

Your Account Isn't Verified!

In order to create a playlist on Sporcle, you need to verify the email address you used during registration. Go to your Sporcle Settings to finish the process.

Report this User

Report this user for behavior that violates our Community Guidelines.

Details: